Σχεδίαση εικονικού σκηνικού στην πληροφορική κινηματογραφία : διπλωματική εργασία

Σκοπός της παρούσας διπλωματικής εργασίας είναι η έρευνα και η μελέτη των εικονικών σκηνικών με στόχο την ανάλυση των στοιχείων που αποτελούν τα τελευταία στον τομέα της πληροφορικής κινηματογραφίας. Επιθυμητή κατάληξη αυτής της μελέτης είναι η δημιουργία ενός γενικευμένου μεθοδολογικού πλαισίου, πά...

Πλήρης περιγραφή

Αποθηκεύτηκε σε:
Λεπτομέρειες βιβλιογραφικής εγγραφής
Κύριος συγγραφέας: Πολυχρόνη, Ελένη
Συγγραφή απο Οργανισμό/Αρχή: Πανεπιστήμιο Αιγαίου. Τμήμα Μηχανικών Σχεδίασης Προϊόντων και Συστημάτων
Άλλοι συγγραφείς: Σταυράκης, Μόδεστος (Εισηγητής διατριβής)
Μορφή: Thesis Βιβλίο
Γλώσσα:Greek
Δημοσίευση: 2013
Θέματα:
Διαθέσιμο Online:http://hdl.handle.net/11610/9075
Ετικέτες: Προσθήκη ετικέτας
Δεν υπάρχουν, Καταχωρήστε ετικέτα πρώτοι!

MARC

LEADER 00000cam a2200000 i 4500
001 1/38024
008 131107s2013 gre d
035 |l 10115943 
040 |a GR-MY-UA  |b gre  |e aacr 
041 0 |a gre 
082 0 |a 777.7  |2 (22) 
100 1 |a Πολυχρόνη, Ελένη. 
245 1 0 |a Σχεδίαση εικονικού σκηνικού στην πληροφορική κινηματογραφία :  |b διπλωματική εργασία /  |c Πολυχρόνη Ελένη ; επιβλέπων καθηγητής: Μόδεστος Σταυράκης 
260 |c 2013 
300 |a 184 φύλλα;  |c 30 εκ. 
500 |a Διάθεση πλήρους κειμένου ελεύθερης πρόσβασης 
502 |a Πτυχιακή εργασία – Πανεπιστήμιο Αιγαίου, Σύρος, 2013. 
504 |a Βιβλιογραφία: σ. 156-172 
520 |a Σκοπός της παρούσας διπλωματικής εργασίας είναι η έρευνα και η μελέτη των εικονικών σκηνικών με στόχο την ανάλυση των στοιχείων που αποτελούν τα τελευταία στον τομέα της πληροφορικής κινηματογραφίας. Επιθυμητή κατάληξη αυτής της μελέτης είναι η δημιουργία ενός γενικευμένου μεθοδολογικού πλαισίου, πάνω στο οποίο μπορεί να βασιστεί ο εκάστοτε σχεδιαστής για την ανάπτυξη ενός εικονικού σκηνικού. 
650 0 0 |a Animation (Cinematography) 
650 0 0 |a Digital cinematography. 
650 0 0 |a Motion pictures  |x Setting and scenery. 
650 0 0 |a Dissertations, Academic  |z Greece. 
700 1 |4 ths  |a Σταυράκης, Μόδεστος. 
710 2 |a Πανεπιστήμιο Αιγαίου.   |b Τμήμα Μηχανικών Σχεδίασης Προϊόντων και Συστημάτων. 
852 |a INST  |b SYROS  |c DIATR  |e 20131107  |h 777.7 ΠΟΛ  |p 005500011059  |q 005500011059  |t DIE  |y 23 
852 |a INST  |b SYROS  |c DIATR  |e 20131107  |h 777.7 ΠΟΛ  |p 005500011060  |q 005500011060  |t DIE  |y 23 
856 |u http://hdl.handle.net/11610/9075 
901 |a BIBL5-2012-1 
909 |a Ε  |b 174505 
909 |a Ε  |b 174506 
924 |a ΠΟΛΥΧΡΟΝΗ  |b ΕΛΕΝΗ  |y ΣΥΡΟΣ  |z 2013-10 
970 |a ΚΟΝΤΟΥ  |b ΠΑΡΑΣΚΕΥΗ  |z 2013/11/07